header

Landing page optimization (Record no. 41097)

MARC details
000 -LEADER
fixed length control field 01324nam a2200361Ia 4500
082 04 - DEWEY DECIMAL CLASSIFICATION NUMBER
Classification number 006.7
100 1# - MAIN ENTRY--AUTHOR NAME
Personal name Ash, Tim,
245 10 - TITLE STATEMENT
Title Landing page optimization
260 ## - PUBLICATION, DISTRIBUTION, ETC. (IMPRINT)
Place of publication Indianapolis, Ind. :
Name of publisher Sybex/Wiley,
Year of publication c2008.
300 ## - PHYSICAL DESCRIPTION
Number of Pages xxi, 360 p. :
Other physical details ill.
490 1# - SERIES STATEMENT
Series statement Serious skills
500 ## - GENERAL NOTE
General note Includes index.
650 #0 - SUBJECT ADDED ENTRY--TOPICAL TERM
Topical Term Web sites
Topical Term Web sites
Topical Term Web sites
Topical Term Internet marketing.
856 40 - ELECTRONIC LOCATION AND ACCESS
Uniform Resource Identifier http://site.ebrary.com/lib/rucke/Doc?id=10225373

No items available.

© 2026 Rongo University
Contact us: librarian | system librarian | Rongo university